Constitución de la República Dominicana : (Registro nro. 13697)

Detalles MARC
000 -LEADER
fixed length control field 01403nam a2200229 a 4500
003 - CONTROL NUMBER IDENTIFIER
control field OSt
005 - DATE AND TIME OF LATEST TRANSACTION
control field 20250916090339.0
008 - FIXED-LENGTH DATA ELEMENTS--GENERAL INFORMATION
fixed length control field 100219s2010 dr 000 0 spa d
040 ## - CATALOGING SOURCE
Original cataloging agency DO-SdBNP
Language of cataloging spa
Transcribing agency BPMSU
082 #4 - DEWEY DECIMAL CLASSIFICATION NUMBER
Classification number 342.729302
Item number R426c 2010
Edition number 22
110 2# - MAIN ENTRY--CORPORATE NAME
Corporate name or jurisdiction name as entry element República Dominicana.
240 10 - UNIFORM TITLE
Uniform title <a href="Constitución (2010)">Constitución (2010)</a>
245 10 - TITLE STATEMENT
Title Constitución de la República Dominicana :
Remainder of title proclamada el 26 de enero del año 2010 /
260 ## - PUBLICATION, DISTRIBUTION, ETC. (IMPRINT)
Place of publication, distribution, etc. Santo Domingo :
Name of publisher, distributor, etc. Serigraf S.A,
Date of publication, distribution, etc. 2010.
300 ## - PHYSICAL DESCRIPTION
Extent 255 p. ;
Dimensions 23 cm.
505 0# - FORMATTED CONTENTS NOTE
Title Preámbulo --
-- De la Nación, del Estado, de su gobierno y de sus principios fundamentales --
-- De los derechos, garantías y deberes fundamentales --
-- Del Poder Legislativo --
-- Del Poder Ejecutivo --
-- Del Poder Judicial --
-- Del Consejo Nacional de la Magistratura --
-- Del control constitucional --
-- Del Defensor del Pueblo --
-- Del ordenamiento del territorio y de la administración local --
-- Del Sistema electoral --
-- Del régimen económico y financiero y de la Cámara de Cuentas --
-- De las Fuerzas Armadas, de la Policía Nacional y de la Seguridad y Defensa --
-- De los Estados de Excepción --
-- De las Reformas Constitucionales --
Miscellaneous information Disposiciones generales y transitorias.
590 ## - LOCAL NOTE (RLIN)
Local note Inventariado, 2021/VM
651 #4 - SUBJECT ADDED ENTRY--GEOGRAPHIC NAME
Geographic name República Dominicana
General subdivision Constitución (2010)
651 #4 - SUBJECT ADDED ENTRY--GEOGRAPHIC NAME
Geographic name República Dominicana
Geographic subdivision Derecho Constitucional
910 ## - USER-OPTION DATA (OCLC)
User-option data VMateo V.
942 ## - ADDED ENTRY ELEMENTS (KOHA)
Source of classification or shelving scheme Dewey Decimal Classification
Koha item type Libros
Existencias
Withdrawn status Lost status Source of classification or shelving scheme Damaged status Not for loan Collection code Home library Current library Date acquired Total Checkouts Full call number Barcode Date last seen Price effective from Koha item type Copy number
    Dewey Decimal Classification     Colección Dominicana Biblioteca Pública Metropolitana Salomé Ureña Biblioteca Pública Metropolitana Salomé Ureña 08/31/2021   BPMSU CD 342.729302 R426c 2010 BPMSU21080118 08/31/2021 08/31/2021 Libros  
    Dewey Decimal Classification     Colección Dominicana Biblioteca Pública Metropolitana Salomé Ureña Biblioteca Pública Metropolitana Salomé Ureña 08/31/2021   BPMSU CD 342.729302 R426c 2010 BPMSU21080119 08/31/2021 08/31/2021 Libros e.2
    Dewey Decimal Classification     Colección Dominicana Biblioteca Pública Metropolitana Salomé Ureña Biblioteca Pública Metropolitana Salomé Ureña 08/31/2021   BPMSU CD 342.729302 R426c 2010 BPMSU25090067 09/16/2025 08/31/2021 Libros e.3